Statistiques concernant Anagrammes mythologie grecque

Cliquez ici pour prendre le quiz!

Statistiques générales

  • Ce quiz a été pris 1 204 fois
  • Le résultat moyen est 11 sur 12

Statistiques - réponses

AnagrammeDivinité% Correct
ANETHAAthéna
99%
RHEMESHermès
98%
SUEZZeus
97%
RHEAHéra
96%
SADHEHadès
93%
RASEArès
92%
DATROPHIEAphrodite
87%
HAPTHOISESHéphaïstos
86%
PANLOLOApollon
84%
PONDOIESPoséidon
82%
TAMISERArtémis
77%
ATHIESHestia
61%

Distribution des résultats

Percentile par nombre de réponses

% des personnes avec chaque résultat

Votre développement - résultats

Vous n’avez pas pris ce quiz